Manual de gestão pública contemporânea / (Record no. 1012)

MARC details
000 -LÍDER
Campo Fixo de Controle 00960nam a2200289 a 4500
001 - NÚMERO DE CONTROLE
Campo de Controle 1012
003 - IDENTIFICAÇÃO DO NÚMERO DE CONTROLE
Campo de Controle BR-CuiBMT
005 - DATA E HORA DA ÚLTIMA ATUALIZAÇÃO
Campo de Controle 20231125182743.0
008 - DADOS FIXOS
Dados Fixos 230821s2012 spba 000 0 por d
020 ## - INTERNATIONAL STANDARD BOOK NUMBER
Nº do ISBN 9788522469291
040 ## - AGÊNCIA CATALOGADORA
Código da Agência Catalogadora BR-CuiBMT
Agência que transcreveu o registro BR-CuiBMT
080 ## - Nº DA CLASSIFICAÇÃO DECIMAL UNIVERSAL
Nº Class. CDU 351.9
Nº edição CDU 2007
090 ## - NÚMERO DE CHAMADA
Nº classificação 351.9
Cutter M433m
Ano/Edição 4. ed.
100 1# - ENTRADA PRINCIPAL -- AUTOR PESSOAL
Nome pessoal Matias-Pereira, José
245 10 - TÍTULO PRINCIPAL
Título principal Manual de gestão pública contemporânea /
Indicação de responsabilidade José Matias-Pereira.
250 ## - EDIÇÃO
Edição 4. ed., rev. e atual.
260 ## - PUBLICAÇÃO, DISTRIBUIÇÃO, ETC.
Local de publicação São Paulo :
Editora Atlas,
Data 2015.
300 ## - DESCRIÇÃO FÍSICA
N. páginas ou volumes xvi, 310 p. ;
Ilustrações il. :
Dimensões 24 cm
500 ## - NOTAS GERAIS
Notas gerais Inclui análise dos efeitos das mudanças de paradigmas na administração pública brasileira.
504 ## - NOTA DE BIBLIOGRAFIA, ETC.
Nota de bibliografia Inclui bibliografia.
650 ## - ASSUNTO TÓPICO
Cabeçalho tópico ou nome geográfico Gestão pública
Subdivisão geral Controle interno
650 ## - ASSUNTO TÓPICO
Cabeçalho tópico ou nome geográfico Administração pública
Subdivisão geral Ética
Subdivisão geográfica Brasil
650 ## - ASSUNTO TÓPICO
Cabeçalho tópico ou nome geográfico Reforma administrativa
Subdivisão geográfica Brasil
650 ## - ASSUNTO TÓPICO
Cabeçalho tópico ou nome geográfico Planejamento estratégico
Subdivisão geográfica Brasil
650 ## - ASSUNTO TÓPICO
Cabeçalho tópico ou nome geográfico Governança
942 ## - ELEMENTOS DE ENTRADA ADICIONAIS (KOHA)
Fonte de classificação ou esquema de arquivamento Classificação Decimal Universal
Tipo de item do Koha Livros
Holdings
Estado: removido Estado: perdido Fonte de classificação ou esquema de arquivamento Estado: danificado Indisponível para empréstimo Localização permanente Localização atual Data de aquisição Total Checkouts Número de Chamada completo Código de barras Date last seen Número do exemplar Preço efetivo a partir de Tipo de item (Koha)
    Classificação Decimal Universal     Biblioteca da Escola Superior de Contas do TCE/MT Biblioteca da Escola Superior de Contas do TCE/MT 02/04/2013   351.9 M433m 4. ed. BIBTCEMT23111097 25/11/2023 Ex. 1 25/11/2023 Livros

Powered by Koha